Orientaciones internacionales del cinema / (Record no. 46653)
[ view plain ]
| 000 -LEADER | |
|---|---|
| campo de control de longitud fija | 00804nam a2200217 i 4500 |
| 001 - NÚMERO DE CONTROL | |
| campo de control | 46653 |
| 003 - IDENTIFICADOR DE NÚMERO DE CONTROL | |
| campo de control | ES-MaACL |
| 005 - FECHA Y HORA DE LA ÚLTIMA TRANSACCIÓN | |
| campo de control | 20230906161426.0 |
| 007 - CAMPO FIJO DE DESCRIPCIÓN FÍSICA--INFORMACIÓN GENERAL | |
| campo de control de longitud fija | t| |
| 008 - DATOS DE LONGITUD FIJA--INFORMACIÓN GENERAL | |
| campo de control de longitud fija | 030331s1950 sp |||| | spa d |
| 111 2# - ENTRADA PRINCIPAL--NOMBRE DE CONGRESO/REUNIÓN | |
| Nombre de congreso/reunión o jurisdicción como elemento de entrada | Congreso Internacional del Cine ( |
| Número del congreso/reunión o número de parte o sección | 4º. |
| Fecha del congreso o de la firma del tratado | 1947. |
| Sede del congreso/Lugar de la reunión | Bruselas) |
| 9 (RLIN) | 459 |
| 245 10 - MENCIÓN DEL TÍTULO | |
| Título | Orientaciones internacionales del cinema / |
| Mención de responsabilidad, etc. | IV Congreso Internacional del Cine. |
| 260 ## - PUBLICACIÓN, DISTRIBUCIÓN, ETC. | |
| Lugar de publicación, distribución, etc. | Madrid : |
| Nombre del editor, distribuidor, etc. | [Seminario de Problemas Hispanoamericanos], |
| Fecha de publicación, distribución, etc. | 1950 ( |
| Fabricante | Gráf. Jesús Álvarez) |
| 300 ## - DESCRIPCIÓN FÍSICA | |
| Extensión | XXXIII, 38-422 p. ; |
| Dimensiones | 21 cm. |
| 490 1# - MENCIÓN DE SERIE | |
| Mención de serie | Cuadernos de monografías ; |
| Designación de volumen o secuencia | 13 |
| 650 04 - PUNTO DE ACCESO ADICIONAL DE MATERIA--TÉRMINO DE MATERIA | |
| Término de materia o nombre geográfico como elemento de entrada | Cine- |
| Subdivisión de forma | Congresos y asambleas. |
| 9 (RLIN) | 11019 |
| 710 2# - ENTRADA AGREGADA--NOMBRE DE ENTIDAD CORPORATIVA | |
| Nombre de entidad corporativa o nombre de jurisdicción como elemento de entrada | Seminario de Problemas Hispanoamericanos. |
| 9 (RLIN) | 6559 |
| 830 1# - PUNTO DE ACCESO ADICIONAL DE SERIE-TÍTULO UNIFORME | |
| Título uniforme | Cuadernos de monografías ; |
| Designación de volumen o secuencia | 13 |
| 9 (RLIN) | 183354 |
| 852 ## - LOCALIZACIÓN | |
| Ubicación | ES-MaACL |
| Número de control de estantería | D-8208 |
| Estatus retirado | Estado de pérdida | Estado de daño | No para préstamo | Biblioteca de origen | Biblioteca actual | Ubicación en estantería | Fecha de adquisición | Fuente de adquisición | Total de préstamos | Signatura topográfica completa | Código de barras | Visto por última vez | Precio de reemplazo | Tipo de ítem Koha |
|---|---|---|---|---|---|---|---|---|---|---|---|---|---|---|
| Biblioteca del Ateneo de Madrid | Biblioteca del Ateneo de Madrid | Sala Valle Inclán | 17/01/2008 | D-8208 | 901049069 | 23/02/2023 | 23/02/2023 | Libro impreso |
